000 01171nam a2200217Ia 4500
003 OSt
005 20210429145208.0
008 210310s2006 ck ao gr 000 0 spa d
020 _a9587100654
040 _aCO-JMCR
_cCO-JMCR
041 0 _aspa
082 0 4 _a333.717 /
_bC657c
_223
110 2 _aUniversidad Externado de Colombia
_98197
245 1 0 _aControl fiscal ambiental Tomo I /
_cUniversidad Externado de Colombia
250 _aPrimera edición
260 _aBogotá :
_bUniversidad Externado de Colombia.
_c2006.
300 _a313 páginas :
_bilustraciones y fotografías en blanco y negro ;
_c24 cm.
505 0 _tConsideraciones preliminares sobre el control fiscal ambiental. /
_rÓscar González Arena. --
_tmarco legal del control fiscal ambiental Colombia /
_rÁlvaro Villate Supelano. --
_tAlcances y limitaciones de la valoración económica de los bienes y servicios ambientales. /
_rCarmenza Castiblanco Rozo. --
_tEstado actual del control fiscal ambiental en Colombia. /
_rMartha Cecilia Vélez Vélez. --
_tEl control fiscal ambiental. /
_rLuis Francisco Peña Angulo. --
_tControl fiscal ambiental
650 _a#N/A
_925929
942 _2ddc
_cBK
999 _c11591
_d11591